00655nam a2200217Ia 4500003000900000008004100009040001300050040001300063041000800076100002200084245004300106250001000149260002300159260000900182300001100191300001000202490000600212942000700218999001700225952019500242IT-RoPAU120407s9999 xx 000 0 und d aIT-RoPAU cIT-RoPAU aita aJean Delépierre aHome, ou vas-tu? Premiers cheminements aParis aEd. Universitaires c1952 a286 p. c22 cm v1 cBK c31480d31480 00102ddc406120_40000000000000071aPAULUSbPAULUSd2012-04-11l0o120.4r2012-04-11 00:00:00w2012-04-11yBKzInserito da: Mario In data: 06 agosto 2011 fondo: Via A.Severo 56 Progr:10553